000 00791cam a2200289 a 4500
999 _c6229
_d6229
001 6229
003 BD-JhCC
005 20180125173507.0
008 980727s1999 txua b 001 0 eng
020 _a0030243998
035 _a(BD-JhCC)6229
040 _aDLC
_cDLC
_dDLC
_d(BD-JhCC)
041 _aeng
050 0 0 _aHG4026
_b.B669 1999
082 0 0 _a658.15
_221
_bKHA 1999
100 1 _dKhan, M Y
245 1 0 _aFinancial management /
_cM Y Khan, P K Jain
250 _a9th ed.
260 _aFort Worth :
_bDryden Press,
_cc1999.
300 _a771 p. :
_bill. ;
_c27 cm.
440 4 _aThe Dryden Press series in finance
504 _aIncludes bibliographical references and index.
650 0 _aCorporations
_xFinance.
700 1 _aJain, P K
942 _2ddc
_cBK